English Vocabulary - Statistiques

Statistiques générales
  • Ce quiz a été pris 162 fois
    147 depuis la dernière actualisation
  • Le résultat moyen est 11 sur 250
Statistiques - réponses
Hint Réponse % Correct
vacation Vacances
89%
passport passeport
33%
sales les ventes
27%
coworker collègue
22%
computer ordinateur
21%
annual annuel
19%
supermarket supermarché
19%
exit Sortie
16%
airplane avion
15%
appointment Rendez-vous
15%
flight vol
14%
calendar Calendrier
13%
dentist Dentiste
13%
departure Départ
13%
dish Plat
13%
website site internet
13%
suitcase valise
13%
sell Vendre
13%
library Bibliothèque
11%
jewelry Bijoux
11%
electrical Electrique
11%
garage garage
11%
password Mot de passe
11%
cloudy Nuageux
11%
photographer Photographe
11%
recycle Recycler
11%
sandwich Sandwich
11%
waiter serveur
11%
sidewalk trottoir
11%
conference Une conférence
11%
bicycle vélo
11%
subscription abonnement
10%
cancel Annuler
10%
architect Architecte
10%
elevator ascenseur
10%
suit Costume
10%
sunny Ensoleillé
10%
obtain obtenir
10%
recruitment Recrutement
10%
delicious Délicieux
9%
dine Dîner
9%
late En retard
9%
environment Environnement
9%
ingredient ingrédient
9%
itinerary Itinéraire
9%
goods | merchandise la marchandise
9%
subway métro
9%
laptop ordinateur portable
9%
photocopy Photocopie
9%
travel voyager
9%
authority Autorité
8%
budget budget
8%
destination Destination
8%
productivity Productivité
8%
receptionist réceptionniste
8%
recipe Recette
8%
award Récompense
8%
waitress Serveuse
8%
technician technicien
8%
purchase Acheter
7%
available Disponible
7%
eligible Eligible
7%
invoice facture
7%
abroad À l’étranger
6%
email courriel
6%
soccer Football
6%
prohibited Interdit
6%
indoor Intérieur
6%
delivery Livraison
6%
renovation Rénovation
6%
audit Audit
5%
authorize Autoriser
5%
hungry Avoir faim
5%
beverage Boisson
5%
mall Centre commercial
5%
skills Compétences
5%
lunch Déjeuner
5%
launch Lancer
5%
publish publier
5%
hike Randonnée
5%
cellphone Téléphone portable
5%
fabric Tissu
5%
administrative Administratif
4%
banquet Banquet
4%
volunteer Bénévole
4%
advise Conseiller
4%
résumé CV
4%
warranty garantie
4%
real estate Immobilier
4%
printer Imprimante
4%
workplace Lieu de travail
4%
rental location
4%
briefcase Mallette
4%
landlord Propriétaire
4%
refreshment Rafraîchissement
4%
refund remboursement
4%
renovate Rénover
4%
income Revenu
4%
subscribe S’abonner
4%
download Téléchargement
4%
clothing vetements
4%
luggage baggage
3%
folder Classeur
3%
healthy En bonne santé
3%
sample Échantillon
3%
weekday Jour de la semaine
3%
airport l'aéroport
3%
software logiciel
3%
staff Personnel
3%
closet Placard
3%
advertising publicité
3%
workshop atelier
2%
shortly Bientôt
2%
downtown centre ville
2%
chef chef cuisinier
2%
dial composer (un numéro)
2%
coordinate Coordonner
2%
donate Faire un don
2%
provide Fournir
2%
Supplier Fournisseur
2%
accommodation Hébergement
2%
guest Invité, client, hôtel / restaurant
2%
tenant locataire
2%
mechanic Mécanicien
2%
prescription Ordonnance
2%
bonus Prime
2%
flyer prospectus
2%
drawer Tiroir
2%
affordable Abordable
1%
appliance Appareil
1%
ink cartridge Cartouche d’encre
1%
fundraising Collecte de fonds
1%
overnight Dans la nuit
1%
relocate Déménager
1%
explanatory explicatif
1%
overtime Heures supplémentaires
1%
training La formation
1%
memo note de service
1%
attendant participant
1%
depart Partir
1%
forecast Prévisions (météo / finance)
1%
supervisor responsable
1%
trainee Stagiaire
1%
reservation une réservation
1%
meeting une réunion
1%
valid valable
1%
agreement Accord, convention
0%
membership Adhésion
0%
admission Admission, droit d’entrée
0%
cleaner Agent d’entretien
0%
aisle Allée, couloir
0%
authority Arrêter
0%
preview avant-premier, aperçu
0%
lease bail, location
0%
coupon Bon, coupon
0%
brochure brochure, plaquette
0%
newsletter Bulletin d’information
0%
cafeteria cafétéria, cantine
0%
applicant candidat, demandeur
0%
shipment cargaison, expédition
0%
cart Chariot, Caddie
0%
client client, cliente
0%
customer client, consommateur
0%
shopper Cliente, acheteur
0%
bulletin Communiqué, bulletin
0%
container Conteneur, récipient
0%
contractor Contractuel, sous traitant
0%
contradict contredire, réfuter
0%
convenient convenable, pratique
0%
caller correspondent
0%
groceries Courses, provisions
0%
courier Coursier
0%
cost Coût, prix
0%
intersection Croisement, carrefour
0%
deadline date limite, date butoir
0%
inference déduction, inférence
0%
request Demander, solliciter
0%
spend Dépenser, passer
0%
inconvenience Désagrément, dérangement
0%
recipient Destinataire
0%
itemized Détailler
0%
donation Don, une donation
0%
packaging Emballage, conditionnement
0%
survey Enquête, sondage
0%
warehouse Entrepôt, magasin
0%
dispatch Envoyer, expédier
0%
facilities Équipement
0%
outstanding Exceptionnel, mémorable
0%
expire Expirer, se périmer
0%
commute Faire la nevette entre son
0%
fitness Forme physique
0%
stationery Fournitures de bureau
0%
merger Fusion
0%
complimentary Gratuit, offert
0%
lobby hall d’entrée
0%
hospitality Hospitalité, accueil
0%
imply insinuer
0%
inventory inventaire, stocks
0%
enclose joindre
0%
bill l’addition, facture
0%
accounts les comptes, service de
0%
weather le temps, la météo
0%
venue Lieu, salle
0%
manual manuel, mode d’emploi
0%
medication Médicament, traitement
0%
upgrade mettre à jour, actualiser
0%
cabinet Meuble de rangement
0%
reschedule Modifier l’horaire ou date
0%
instructor moniteur
0%
notify notifier, informer
0%
garbage | trash Ordures, déchets
0%
overseas Outre-mer, à l’étranger
0%
paperwork Papiers, la paperasse
0%
course Parcours de formation
0%
attendee Participant(e)
0%
identification Pièce d’identité
0%
gate Porte (aéroport)
0%
candidate postulant(e)
0%
fare prix du billet, ticket, course
0%
fee Prix , frais
0%
upcoming Prochain, imminent
0%
schedule programme, emploi du temps
0%
promotion Promotion, avancement
0%
supplies Provisions
0%
sweater Pull-over, pull
0%
feedback Réactions, retour
0%
reception Réception, accueil
0%
receipt reçu, ticket de caisse
0%
downsize Réduire les effectifs
0%
discount Remise, réduction
0%
renew Renouvelr
0%
postpone reporter, remettre à plus tard
0%
catering restauration, service traiteur
0%
highway Route Nationale
0%
flavor Saveur, parfum
0%
seminar seminaire, un colloque
0%
inquire Se renseigner, demander
0%
headquarters Siège Social
0%
sincerely Sincères salutations
0%
enrol s’inscrire
0%
respondent Sondé, personne interrogée
0%
assignment Tache, mission
0%
employment Travail, emploi
0%
bargain Une bonne affaire
0%
replacement Un remplacement, remplaçant
0%
clerk vendeur, vendeuse
0%
verify Vérifier, confirmer
0%
sightseeing visiter, circuit touristique
0%
Aucun quiz correspondant
Distribution des résultats
% des personnes avec chaque résultat
Percentile par nombre de réponses
Votre historique - résultats
Vous n’avez pas pris ce quiz depuis la dernière actualisation